Guess The 5 Seconds Of Summer Song - Sudden Death - Statistics

General Stats
  • This quiz has been taken 379 times
  • The average score is 6 of 14
Answers on the Grid
Answers color-coded by a green-red scale on the quiz's grid according to % correct below.
Kiss Me
Permanent Vacation
Waste A Night
CALM
End Up There
Vapor
Easy For You To Say
Far Away
Lie To You
Never Be
Empty Wallets
She's Kinda Hot
Best Days
18
Little White Lies
If Walls Could Talk
Red Lies
Meet Me There
The Girl Who Cried Wolves
Everything I Didn't Say
Mrs All America
Kill My Time
Lonely Heart
HAZE
Moodswing
Want You Back
Myself & I
Greenlight
 
Answer Stats
Answer % Correct
Permanent Vacation
79%
Vapor
58%
18
52%
She's Kinda Hot
51%
Empty Wallets
41%
Never Be
40%
If Walls Could Talk
39%
Easy For You To Say
38%
Want You Back
37%
Everything I Didn't Say
33%
Kill My Time
31%
Lonely Heart
30%
HAZE
27%
Greenlight
25%
No matching quizzes found
Score Distribution
Percent of People with Each Score
Percentile by Number Answered
Your Score History
You have not taken this quiz